University Home | Library Home | Institutional Repository

The Semen of animals and artificial insemination / (Record no. 152668)

MARC details
000 -LEADER
fixed length control field 01089cam0a220026500 4500
001 - CONTROL NUMBER
control field qce00102402
005 - DATE AND TIME OF LATEST TRANSACTION
control field 20190823112040.0
008 - FIXED-LENGTH DATA ELEMENTS--GENERAL INFORMATION
fixed length control field 780208s1962 enka b 000 0 eng
010 ## - LIBRARY OF CONGRESS CONTROL NUMBER
LC control number 64007081
035 ## - SYSTEM CONTROL NUMBER
System control number (Sirsi) r57756
035 ## - SYSTEM CONTROL NUMBER
System control number (QCAT)lss01857708
035 ## - SYSTEM CONTROL NUMBER
System control number (UPRA)qce00102402
040 ## - CATALOGING SOURCE
Modifying agency UPRA
050 ## - LIBRARY OF CONGRESS CALL NUMBER
Classification number SF105.5
Item number .M3
245 04 - TITLE STATEMENT
Title The Semen of animals and artificial insemination /
Statement of responsibility, etc. edited by J.P. Maule.
260 ## - PUBLICATION, DISTRIBUTION, ETC.
Place of publication, distribution, etc. Farnham Royal, England :
Name of publisher, distributor, etc. Commonwealth Agricultural Bureaux,
Date of publication, distribution, etc. [1962]
490 1# - SERIES STATEMENT
Series statement Technical communication of the Commonwealth Bureau of Animal Breeding and Genetics, Edinburgh, no. 15
504 ## - BIBLIOGRAPHY, ETC. NOTE
Bibliography, etc. note Includes bibliographies.
650 #0 - SUBJECT ADDED ENTRY--TOPICAL TERM
Topical term or geographic name entry element Artificial insemination.
Linkage S12306.1
650 #0 - SUBJECT ADDED ENTRY--TOPICAL TERM
Topical term or geographic name entry element Semen.
Linkage S12307.1
700 1# - ADDED ENTRY--PERSONAL NAME
Personal name Maule, John Patrick.
Linkage A16761.1
810 2# - SERIES ADDED ENTRY--CORPORATE NAME
Corporate name or jurisdiction name as entry element Commonwealth Bureau of Animal Breeding and Genetics. Technical communication ;
Title of a work Commonwealth Bureau of Animal Breeding and Genetics. Technical communication ;
Volume/sequential designation no. 15.
Linkage S2736.1
949 ## - LOCAL PROCESSING INFORMATION (OCLC)
a SF105.5
w lcc
i 33729001777486
m MAIN
p 2500
t BOOK
l ON-SHELF

No items available.

© 2026 - The University of Zambia Library - Koha v25.11